Economic cooperation in the greater Mekong subregion : (Record no. 18810)

000 -LEADER
fixed length control field 00688cam a2200145 a 4500
020 ## - INTERNATIONAL STANDARD BOOK NUMBER
ISBN 971561048X
040 ## - CATALOGING SOURCE
Transcribing agency DLC
082 ## - DEWEY DECIMAL CLASSIFICATION NUMBER
Classification number 330 ASI 1994 C155 Or.
245 10 - TITLE STATEMENT
Title Economic cooperation in the greater Mekong subregion :
Remainder of title toward implementation : proceedings of the Third Conference on Subregional Economic Cooperation among Cambodia, People's Republic of China, Lao People's Democratic Republic, Myanmar, Thailand and Viet Nam, Hanoi, Viet Nam, 20-23 April 1994.
260 ## - PUBLICATION, DISTRIBUTION, ETC. (IMPRINT)
Place of publication Manila, Philippines :
Name of publisher Asian Development Bank,
Year of publication 1994.
300 ## - PHYSICAL DESCRIPTION
Number of Pages xvii, 406 p. :
Other physical details maps (1 col.) ;
Dimensions 23 cm.
650 #0 - SUBJECT ADDED ENTRY--TOPICAL TERM
Topical Term Economic development projects
710 2# - ADDED ENTRY--CORPORATE NAME
Corporate name or jurisdiction name as entry element Asian Development Bank.
942 ## - ADDED ENTRY ELEMENTS (KOHA)
Koha item type ADB
952 ## - LOCATION AND ITEM INFORMATION (KOHA)
Withdrawn status [LOCAL, KOHA] 0
Holdings
Koha item type Source of acquisition Lost status Permanent Location Current Location Date acquired Full call number
សៀវភៅភាសាអង់គ្លេសA36391 Library Block CLibrary Block C2020-01-27330 ASI 1994 C155 Or.
មជ្ឈមណ្ឌលឯការនៃសាកលវិទ្យាល័យភូមិន្ទកសិកម្មចំការដូង

Powered by Koha